000 01423naa a22003377a 4500
001 BR7908209
003 BR-BrBNA
005 20240918174527.0
007 ta
008 230509b bl.||||| |||| 00| 0 por d
040 _aBR-BrBNA
_bpor
_cBiblioteca Nacional de Agricultura
041 _a(Pt)
072 _aF30
_b0430
_bG514
090 _aF30 BR7908209
100 1 _aFreire, E.C.
100 1 _aCrisostomo, J.R.
100 1 _aSantana, J.C.F. de
111 1 _a4. Reuniao Anual sobre Pesquisa com Algodao Herbaceo nas Regioes Sul, Sudeste e Centro-Oeste do Brasil
_cUberaba, MG (Brazil)
_d2 Jul 1979
245 1 _aMelhoramento do algodoeiro herbaceo (Gossypium hirsutum, L.)ensaio de novas linhagens de REBA B-50 [Surubim, Pernambuco, Brasil]
260 3 _aCampina Grande, PB (Brasil):
_c1979.
500 _aRelatorio da 4. reuniao anual sobre pesquisa com algodao herbaceo nas Regioes Sul, Sudeste e Centro-Oeste do Brasil - 1979 Campina Grande, PB (Brasil): 1979. p. 50-51 (BR7908209-AM)F30
650 _aALGODAO HERBACEO
650 _aVARIEDADE
650 _aPROGENIE
650 _aLINHAGEM
650 _aSURUBIM
650 _aPERNAMBUCO
773 0 _tRelatorio da 4. reuniao anual sobre pesquisa com algodao herbaceo nas Regioes Sul, Sudeste e Centro-Oeste do Brasil - 1979
_wF30 BR7908209
_gCampina Grande, PB (Brasil), 1979. p. 50-51
909 _a202404
_bLucia
_c55
_dLucia Elande
942 _cAM
_2AGRIS
999 _c311778
_d311778